[Event "CRO-chT2 Ost"]
[Site "Croatia"]
[Date "2015.05.09"]
[Round "5.42"]
[White "Goric, Esad"]
[Black "Perkovic, Zeljko"]
[Result "1-0"]
[WhiteElo "2301"]
[BlackElo "1981"]
[PlyCount "76"]
[EventDate "2015.04.25"]
[EventType "team-tourn"]
[EventRounds "11"]
[EventCountry "CRO"]
[SourceTitle "EXT 2016"]
[Source "ChessBase"]
[SourceDate "2015.10.08"]
[SourceVersion "1"]
[SourceVersionDate "2015.10.08"]
[SourceQuality "1"]

1. c4 e5 2. g3 g6 3. Bg2 Bg7 4. Nc3 d6 5. e3 Nc6 6. Nge2 Nge7 7. 0-0 Be6 8. Nd5 0-0 9. Nec3 f5 10. d3 Qd7 11. Rb1 Nd8 12. d4 c6 13. Nxe7+ Qxe7 14. d5 Bd7 15. f4 e4 16. Qd2 Nf7 17. b3 c5 18. Bb2 h5 19. Ne2 Nh6 20. a3 b5 21. Rfc1 Rfb8 22. Bf1 bxc4 23. Bxg7 Qxg7 24. bxc4 Rb6 25. h3 Rab8 26. Rxb6 axb6 27. Nc3 g5 28. Kh2 Kh7 29. Qf2 Ra8 30. fxg5 Qxg5 31. a4 Qf6 32. Be2 Be8 33. Bd1 Ng8 34. Qf4 Ne7 35. Nxe4 Qb2+ 36. Rc2 Qb1 37. Qxd6 Qxd1 38. Qxe7+ Kh6 1-0

[Event "Bosnjaci op 8th"]
[Site "Bosnjaci"]
[Date "2002.01.03"]
[Round "1"]
[White "Zivkovic, Vjekoslav"]
[Black "Perkovic, Zeljko"]
[Result "1-0"]
[WhiteElo "2350"]
[BlackElo "2057"]
[PlyCount "99"]
[EventDate "2002.01.03"]
[EventType "swiss"]
[EventRounds "7"]
[EventCountry "CRO"]
[SourceTitle "CBM 086 Extra"]
[Source "ChessBase"]
[SourceDate "2002.03.14"]
[SourceVersion "1"]
[SourceVersionDate "2002.03.14"]
[SourceQuality "1"]

1. e4 c5 2. Nf3 e6 3. d4 cxd4 4. Nxd4 Nc6 5. Nb5 d6 6. Bf4 e5 7. Be3 a6 8. N5c3 Nf6 9. Nd2 b5 10. Bg5 Be6 11. a4 b4 12. Nd5 Bxd5 13. exd5 Ne7 14. Bc4 Qc8 15. Bb3 Nd7 16. Nc4 Nf5 17. a5 h6 18. Be3 Nxe3 19. fxe3 Be7 20. Qe2 0-0 21. Ba4 Ra7 22. Bxd7 Qxd7 23. e4 f5 24. 0-0 f4 25. b3 g5 26. Ra4 Qb5 27. Qg4 Kg7 28. Raa1 Rf6 29. h4 Rg6 30. h5 Rf6 31. Kh2 Bd8 32. Qc8 Qd7 33. Qxd7+ Rxd7 34. Kh3 Kh7 35. Kg4 Rb7 36. Ra4 Rb5 37. Kf3 Bc7 38. Nb2 Rf8 39. Nd3 Rfb8 40. Kg4 Kg7 41. Kf5 Kf7 42. Rc1 Bd8 43. Nf2 Bf6 44. Ng4 Bg7 45. c4 bxc3 46. Rxc3 R5b7 47. Rac4 Re8 48. Rc7+ Rxc7 49. Rxc7+ Re7 50. Rc6 1-0